[Event "StM 2004"]
[Site "Hartberg"]
[Date "2004.??.??"]
[Round "7.24"]
[White "Sandhoefner, Florian"]
[Black "Fandler, Simon"]
[Result "1-0"]
[WhiteElo "2240"]
[BlackElo "1997"]
[PlyCount "139"]
[EventDate "2004.??.??"]

1. e4 c5 2. Nf3 e6 3. c4 Nc6 4. Nc3 g6 5. d4 Bg7 6. Be3 cxd4 7. Nxd4 a6 8. Qd2
Nge7 9. Be2 d5 10. exd5 exd5 11. Nxc6 bxc6 12. cxd5 Nxd5 13. Nxd5 Qxd5 14. Qxd5
cxd5 15. O-O-O O-O 16. Bd4 Bb7 17. Bf3 Rac8+ 18. Kb1 Rfd8 19. Rhe1 Rd7 20. Re2
Bxd4 21. Rxd4 Kg7 22. Red2 Rcd8 23. b4 Rd6 24. Kb2 f5 25. Kb3 Kf6 26. Be2 Ke5
27. f4+ Ke6 28. Bf3 Kf6 29. a4 h6 30. b5 axb5 31. axb5 g5 32. Kb4 gxf4 33. Rxf4
Ke5 34. Rh4 Rf6 35. Re2+ Kd6 36. Rd4 Rg6 37. Rd1 Rc8 38. Rde1 Rc7 39. Re8 Rc4+
40. Ka5 Kc5 41. R8e7 Ba8 42. Rc7+ Kd4 43. Rd1+ Ke3 44. Rxc4 dxc4 45. Bxa8 c3
46. b6 c2 47. Rh1 Kd2 48. Bf3 c1=Q 49. Rxc1 Kxc1 50. b7 Rg8 51. Kb6 h5 52. Ka7
Kd2 53. b8=Q Rxb8 54. Kxb8 h4 55. h3 Ke3 56. Kc7 Kf4 57. Kd6 Kg3 58. Ke5 f4 59.
Ke4 Kh2 60. Kxf4 Kg1 61. Kg4 Kh2 62. Kxh4 Kh1 63. Kg3 Kg1 64. h4 Kf1 65. h5 Kg1
66. Be2 Kh1 67. h6 Kg1 68. h7 Kh1 69. h8=Q+ Kg1 70. Qh2# 1-0

[Event "StM 2004"]
[Site "Hartberg"]
[Date "2004.??.??"]
[Round "7.25"]
[White "Titz, Heimo"]
[Black "Hosp, Reinhard"]
[Result "1/2-1/2"]
[WhiteElo "2217"]
[BlackElo "2131"]
[PlyCount "116"]
[EventDate "2004.??.??"]

1. c4 e5 2. Nc3 Nf6 3. g3 c5 4. Bg2 Nc6 5. e3 d6 6. Nge2 Bg4 7. h3 Be6 8. Nd5
Qd7 9. d4 cxd4 10. exd4 Bxd5 11. cxd5 Nb4 12. dxe5 dxe5 13. Nc3 h6 14. O-O Bd6
15. a3 Na6 16. Be3 Nc7 17. b4 b6 18. Qb3 O-O 19. a4 Na6 20. a5 bxa5 21. Rxa5
Nxb4 22. Rfa1 Rab8 23. Rxa7 Qf5 24. Qa3 Rfd8 25. Qa5 Qd3 26. Rc1 Nc2 27. Bf1
Qg6 28. Bb6 Bb4 29. Qa6 Rd6 30. Rb7 Rxb7 31. Qxb7 Nh5 32. Qc8+ Kh7 33. Bc7 Nxg3
34. Qg4 Qxg4 35. hxg4 Rd7 36. Bxe5 Nxf1 37. Rxc2 f6 38. Bd4 Ng3 39. fxg3 Bxc3
40. Rxc3 Rxd5 41. Rc4 Kg6 42. Kg2 Rd7 43. Be3 Re7 44. Kf3 Re8 45. Rc7 Re6 46.
Ke2 Re4 47. Kf3 Re8 48. Rd7 Re6 49. Ke2 Re5 50. Kd3 Re8 51. Kd4 Re6 52. Bf4 Re1
53. Kd5 Rd1+ 54. Ke6 Rxd7 55. Kxd7 f5 56. Ke6 fxg4 57. Bd6 Kh5 58. Bf8 g5
1/2-1/2

[Event "StM 2004"]
[Site "Hartberg"]
[Date "2004.??.??"]
[Round "7.27"]
[White "Schein, Karl-Heinz"]
[Black "Kranz, Armin"]
[Result "0-1"]
[WhiteElo "2253"]
[BlackElo "2149"]
[PlyCount "30"]
[EventDate "2004.??.??"]

1. e4 e5 2. Nf3 Nf6 3. Nxe5 d6 4. Nf3 Nxe4 5. c4 Be7 6. Nc3 Nxc3 7. dxc3 Bf5 8.
Qd5 Qc8 9. Be3 O-O 10. O-O-O c6 11. Qd2 Nd7 12. Nd4 Bg6 13. h4 Nf6 14. f3 c5
15. Ne2 Qf5 0-1

[Event "StM 2004"]
[Site "Hartberg"]
[Date "2004.??.??"]
[Round "7.28"]
[White "Bezler, Rainer"]
[Black "Nickl, Klaus"]
[Result "1-0"]
[WhiteElo "2242"]
[BlackElo "2171"]
[PlyCount "115"]
[EventDate "2004.??.??"]

1. d4 d6 2. c4 Nf6 3. Nc3 g6 4. Nf3 Bg7 5. e4 O-O 6. Be2 e5 7. O-O Nc6 8. d5
Ne7 9. Ne1 Ne8 10. Be3 f5 11. f3 Kh8 12. c5 Ng8 13. cxd6 Nxd6 14. Nd3 f4 15.
Bf2 g5 16. Nc5 Rf6 17. Qb3 Qe7 18. Rfd1 h5 19. Rd2 Rg6 20. Ne6 a6 21. Qc2 Nf6
22. Rc1 Nfe8 23. Kh1 g4 24. Bg1 Bh6 25. Na4 b5 26. Nac5 h4 27. fxg4 h3 28. gxh3
f3 29. Bxf3 Bxd2 30. Qxd2 Ng7 31. Nxg7 Rxg7 32. Bg2 Kh7 33. Qc3 a5 34. Nd3 Ba6
35. Nxe5 b4 36. Qg3 Re8 37. Bd4 Nb5 38. Nc6 Qg5 39. Be3 Qg6 40. e5 Kg8 41. e6
a4 42. Nxb4 Bb7 43. Qe5 Nd6 44. Bd4 Rh7 45. Rf1 Nc4 46. Qe2 Nd6 47. a3 Rc8 48.
Qd1 Ra8 49. Rf6 Qg5 50. Qc2 Rg7 51. Rf3 Rh7 52. Bf6 Qh6 53. g5 Qh5 54. g6 Rh6
55. Qxc7 Rxg6 56. Qxd6 Rf8 57. e7 Rfxf6 58. e8=Q+ 1-0

[Event "StM 2004"]
[Site "Hartberg"]
[Date "2004.??.??"]
[Round "7.29"]
[White "Petroczi, Thomas"]
[Black "Kastner, Walter"]
[Result "0-1"]
[WhiteElo "2176"]
[BlackElo "2229"]
[PlyCount "62"]
[EventDate "2004.??.??"]

1. g3 c5 2. Bg2 Nc6 3. Nf3 g6 4. O-O Bg7 5. c4 e5 6. Nc3 Nge7 7. d3 d6 8. a3 a5
9. Rb1 O-O 10. Bd2 h6 11. Ne1 Be6 12. Nc2 d5 13. cxd5 Nxd5 14. Ne3 Nde7 15. Na4
b6 16. b4 axb4 17. axb4 cxb4 18. Bxb4 Rb8 19. Bxe7 Nxe7 20. Nc3 f5 21. Nb5 Qd7
22. Nc4 Rfd8 23. Qa4 Nc6 24. Rfc1 Nd4 25. Kf1 Bd5 26. f3 Bc6 27. Nca3 Kh7 28.
Qc4 Bxb5 29. Nxb5 Rdc8 30. Nc7 Rb7 31. Qd5 Rcxc7 0-1

[Event "StM 2004"]
[Site "Hartberg"]
[Date "2004.??.??"]
[Round "7.30"]
[White "Sadilek, Maximilian"]
[Black "Krebs, Johann"]
[Result "1-0"]
[WhiteElo "2130"]
[BlackElo "2223"]
[PlyCount "87"]
[EventDate "2004.??.??"]

1. e4 c5 2. Nf3 e6 3. d4 cxd4 4. Nxd4 Nf6 5. Nc3 d6 6. Be3 Nc6 7. Be2 Be7 8.
O-O O-O 9. f4 Bd7 10. Qe1 Nxd4 11. Bxd4 Bc6 12. Bd3 Re8 13. Qg3 e5 14. Be3 Nh5
15. Qf3 Nxf4 16. Bxf4 exf4 17. Qxf4 Bf6 18. Nd5 Bxd5 19. exd5 Re5 20. Qb4 Qe7
21. Rae1 Re8 22. Rxe5 Bxe5 23. Kh1 Qg5 24. Qxb7 Rf8 25. Qxa7 f5 26. Qf2 Qh5 27.
g4 Qh3 28. Qg2 Qh4 29. Bxf5 Kh8 30. h3 Bxb2 31. Be6 Ra8 32. c4 Bf6 33. Rg1 g5
34. Qf3 Be5 35. Rf1 h6 36. c5 Bf4 37. cxd6 h5 38. d7 Kg7 39. Qc3+ Kh7 40. Bf5+
Kg8 41. Re1 Qf2 42. Re8+ Kf7 43. Bg6+ Kxg6 44. Re6+ 1-0

[Event "StM 2004"]
[Site "Hartberg"]
[Date "2004.??.??"]
[Round "7.32"]
[White "Gerhold, Michael"]
[Black "Mayerhofer, Peter"]
[Result "1/2-1/2"]
[WhiteElo "2203"]
[BlackElo "2165"]
[PlyCount "121"]
[EventDate "2004.??.??"]

1. d4 f5 2. g3 Nf6 3. Nf3 g6 4. b4 Bg7 5. Bb2 O-O 6. Bg2 d6 7. O-O c6 8. c4 e5
9. dxe5 Ng4 10. c5 Nxe5 11. cxd6 Nxf3+ 12. Bxf3 Bxb2 13. Qb3+ Be6 14. Qxb2 Qxd6
15. Nd2 Nd7 16. Rfd1 Ne5 17. Bg2 Rad8 18. Nf1 Qc7 19. Ne3 Qg7 20. Qc2 Qf7 21.
f4 Nd7 22. Rd2 Nf6 23. Rad1 Qe7 24. Qc3 Rxd2 25. Rxd2 Rd8 26. Rxd8+ Qxd8 27. a3
Kf7 28. Bf3 Nd5 29. Bxd5 Bxd5 30. Kf2 Qb6 31. Qh8 h5 32. Qe5 a5 33. Qd6 axb4
34. axb4 Be4 35. Qd7+ Kf6 36. Qd2 Ke6 37. Qc3 Kf7 38. Kf1 Bd5 39. Nc2 Qa6 40.
Ne3 Qa2 41. Kf2 Qa7 42. Qc5 Qxc5 43. bxc5 Ke6 44. Ke1 Bb3 45. Kd2 Ba4 46. Nc4
Bb5 47. Nb6 Ba6 48. e3 Bf1 49. h4 Ba6 50. Kc3 Be2 51. Kd4 Bb5 52. Nc8 Be2 53.
Nb6 Bb5 54. Kc3 Be2 55. Kb4 Bb5 56. Ka3 Bf1 57. Ka4 Be2 58. Ka5 Ba6 59. Kb4 Bb5
60. Kb3 Ba6 61. Kc3 1/2-1/2

[Event "StM 2004"]
[Site "Hartberg"]
[Date "2004.??.??"]
[Round "7.33"]
[White "Kuthan, Andreas"]
[Black "Wagner, Stephan"]
[Result "1/2-1/2"]
[WhiteElo "2269"]
[BlackElo "2174"]
[PlyCount "36"]
[EventDate "2004.??.??"]

1. e4 c5 2. Nf3 Nc6 3. c3 Nf6 4. e5 Nd5 5. d4 cxd4 6. Bc4 Nb6 7. Bb3 d5 8. exd6
Qxd6 9. O-O Bf5 10. Nxd4 Nxd4 11. cxd4 Bxb1 12. Rxb1 e6 13. Re1 Be7 14. Qf3 Qc6
15. Qg4 O-O 16. Bf4 Bf6 17. Rbc1 Qd7 18. Be5 Bxe5 1/2-1/2

[Event "StM 2004"]
[Site "Hartberg"]
[Date "2004.07.30"]
[Round "7.35"]
[White "Ferrari, Josef"]
[Black "Scheffknecht, Philipp"]
[Result "1/2-1/2"]
[WhiteElo "2220"]
[BlackElo "2171"]
[PlyCount "156"]
[EventDate "2004.??.??"]

1. d4 Nf6 2. c4 e6 3. g3 d5 4. Nf3 b6 5. Bg2 Ba6 6. b3 Bb4+ 7. Bd2 Be7 8. Ne5
c6 9. Bc3 O-O 10. Nd2 Qc7 11. O-O Nbd7 12. Nxd7 Qxd7 13. e4 dxe4 14. Nxe4 Rac8
15. Bb2 Rfd8 16. Qe2 Nxe4 17. Bxe4 Bf6 18. Rfd1 Qe7 19. Rac1 Rd7 20. Rc2 Qd8
21. Rcd2 Rcc7 22. Rd3 b5 23. Qc2 g6 24. R3d2 c5 25. dxc5 Bxb2 26. Qxb2 bxc4 27.
c6 Rxd2 28. Rxd2 Qe7 29. Qd4 cxb3 30. Qa4 Qg5 31. Qd4 bxa2 32. Rxa2 Rxc6 33.
Bxc6 Qc1+ 34. Kg2 Qxc6+ 35. f3 Bb7 36. Qe3 a6 37. Rb2 Qd5 38. Rd2 Qf5 39. Rd8+
Kg7 40. Rd7 Qc2+ 41. Rd2 Qf5 42. Ra2 g5 43. Kf2 h5 44. Qc3+ Kg6 45. Qc2 e5 46.
Qxf5+ Kxf5 47. Ra5 f6 48. Ke3 Kg6 49. Rc5 h4 50. g4 Kh6 51. Rc7 Bd5 52. Ra7 Bc4
53. Rc7 Bd5 54. Ra7 Bc4 55. Ke4 Kg6 56. Rc7 Bb5 57. Rc3 Be8 58. Kd5 Bb5 59. Ke6
Be2 60. Ke7 Kg7 61. Ke6 Kg6 62. Kd5 Bb5 63. Rc8 Be2 64. Ke4 Bb5 65. Rc5 Ba4 66.
h3 Bb5 67. Rc1 Be2 68. Re1 Bb5 69. Kd5 Bd3 70. Ra1 Be2 71. Ke4 Bb5 72. Rc1 Be2
73. Ke3 Bb5 74. Rc5 Bf1 75. Kf2 Bb5 76. Rc3 Be8 77. Ke3 Bb5 78. Rc1 Be8 1/2-1/2

[Event "StM 2004"]
[Site "Hartberg"]
[Date "2004.07.30"]
[Round "7.36"]
[White "Krenek, Markus"]
[Black "Sulyok, Michael"]
[Result "0-1"]
[WhiteElo "2117"]
[BlackElo "2219"]
[PlyCount "112"]
[EventDate "2004.??.??"]

1. e4 g6 2. d4 Bg7 3. Nc3 d6 4. Be3 a6 5. Qd2 Nd7 6. h4 h5 7. O-O-O b5 8. a3 c6
9. Nh3 Nb6 10. f3 Nf6 11. Nf4 Nfd7 12. g3 Qc7 13. Be2 Bb7 14. g4 hxg4 15. fxg4
O-O-O 16. h5 e5 17. Nh3 gxh5 18. gxh5 exd4 19. Bxd4 Ne5 20. Kb1 c5 21. Bxe5
Bxe5 22. Nd5 Bxd5 23. exd5 Na4 24. c3 Kb7 25. Ng5 Qe7 26. Rdf1 Bf6 27. Rxf6
Qxf6 28. Rf1 Qh6 29. Rxf7+ Kb8 30. Ne4 Qxd2 31. Nxd2 Nb6 32. Bf3 Rdf8 33. Rxf8+
Rxf8 34. Kc2 Nd7 35. Be2 Nf6 36. c4 Re8 37. Kd3 Rh8 38. cxb5 axb5 39. Ne4 Nxh5
40. Nxd6 Nf4+ 41. Ke3 Nxe2 42. Kxe2 Rh2+ 43. Kd3 Rxb2 44. Kc3 Rb1 45. Kc2 Ra1
46. Nxb5 Kb7 47. Kb3 Rd1 48. Kc4 Kb6 49. a4 Rh1 50. Nc3 Rh4+ 51. Kb3 Rd4 52.
Ka3 Ka5 53. Kb3 c4+ 54. Kb2 Rd2+ 55. Kc1 Rd3 56. Kc2 Kb4 0-1

[Event "StM 2004"]
[Site "Hartberg"]
[Date "2004.07.30"]
[Round "7.37"]
[White "Raffalt, Manfred"]
[Black "Herrmann, Johann"]
[Result "1/2-1/2"]
[WhiteElo "2181"]
[BlackElo "2168"]
[PlyCount "115"]
[EventDate "2004.??.??"]

1. Nf3 b6 2. e4 Bb7 3. Nc3 g6 4. d4 Bg7 5. Bd3 d6 6. Be3 Nd7 7. O-O e6 8. Qd2
h6 9. Rad1 Ne7 10. Rfe1 a6 11. Ne2 c5 12. c3 Qc7 13. b4 c4 14. Bc2 g5 15. Ng3
g4 16. Nh5 O-O-O 17. Nh4 Rdg8 18. Nxg7 Rxg7 19. d5 e5 20. Ba4 Nf6 21. Bc2 Kb8
22. Kh1 Bc8 23. f4 gxf3 24. gxf3 h5 25. Rg1 Rhg8 26. Rxg7 Rxg7 27. Qf2 Kb7 28.
Rg1 Ng6 29. Ba4 b5 30. Bd1 Rg8 31. a4 bxa4 32. Bxa4 Bd7 33. Bxd7 Qxd7 34. Nf5
Ra8 35. Bb6 Nxd5 36. Ba5 Kc8 37. Qe2 Ndf4 38. Qxc4+ Kb7 39. Rd1 d5 40. Qc5 Rg8
41. Qb6+ Ka8 42. Qxa6+ Kb8 43. Qf1 Rc8 44. b5 Qe6 45. b6 Kb7 46. Bb4 Rc6 47. c4
d4 48. c5 Qb3 49. Rb1 Qd3 50. Nd6+ Kb8 51. Ra1 Qxf1+ 52. Rxf1 Nd3 53. Ra1 Nxb4
54. Ra7 Rxc5 55. Rb7+ Ka8 56. Ra7+ Kb8 57. Rb7+ Ka8 58. Ra7+ 1/2-1/2

[Event "StM 2004"]
[Site "Hartberg"]
[Date "2004.07.30"]
[Round "7.39"]
[White "Almer, Gerald"]
[Black "Wolfram, Dominik"]
[Result "0-1"]
[WhiteElo "2105"]
[BlackElo "2102"]
[PlyCount "166"]
[EventDate "2004.??.??"]

1. d4 Nf6 2. Nf3 g6 3. Bg5 Bg7 4. e3 O-O 5. Bd3 d6 6. O-O Nbd7 7. c4 h6 8. Bh4
e5 9. dxe5 dxe5 10. Nc3 c6 11. Qc2 Qc7 12. b4 e4 13. Nxe4 Nxe4 14. Bxe4 Bxa1
15. Rxa1 f5 16. Bd3 Ne5 17. Bg3 Nxf3+ 18. gxf3 Qg7 19. Re1 Be6 20. Bd6 Rfe8 21.
f4 a5 22. Be5 Qe7 23. bxa5 Rxa5 24. Rb1 Rea8 25. Rb2 Bc8 26. Bc3 R5a7 27. Qb1
Ra6 28. c5 R6a7 29. Bc4+ Kh7 30. Bd4 Qe4 31. Bd3 Qd5 32. Rb4 Qxa2 33. Qd1 Be6
34. Bb1 Qd5 35. Qc2 h5 36. Bb2 Qd7 37. Rd4 Bd5 38. e4 fxe4 39. f3 Qf5 40. fxe4
Qg4+ 41. Qg2 Be6 42. f5 gxf5 43. exf5 Qxg2+ 44. Kxg2 Bd5+ 45. Kf2 Ra4 46. Ke3
Re8+ 47. Kf4 Rxd4+ 48. Bxd4 Re1 49. Bd3 Rd1 50. Ke3 Ba2 51. f6+ Kg8 52. Be5
Re1+ 53. Kf4 Kf7 54. h4 Be6 55. Be4 Rc1 56. Bd4 Rd1 57. Be5 Rg1 58. Bf3 Bg4 59.
Be4 Bd1 60. Bf5 Bg4 61. Be4 Be6 62. Bf3 Rf1 63. Kg3 Bg4 64. Be4 Rc1 65. Bd6
Kxf6 66. Kf4 Rc4 67. Ke3 Ke6 68. Bd3 Rb4 69. Bg6 Bd1 70. Kd2 Rd4+ 71. Ke1 Bg4
72. Kf2 Rxd6 73. cxd6 Kxd6 74. Ke3 Ke5 75. Be8 Kd5 76. Kd3 b5 77. Kc3 Kc5 78.
Bg6 Bf3 79. Bd3 Kd5 80. Bg6 Ke5 81. Kd3 Kf4 82. Bf7 Kg4 83. Ke3 Bd5 0-1

[Event "StM 2004"]
[Site "Hartberg"]
[Date "2004.07.30"]
[Round "7.40"]
[White "Deutsch, Ludwig"]
[Black "Herndlbauer, Martin"]
[Result "0-1"]
[WhiteElo "2155"]
[BlackElo "2145"]
[PlyCount "58"]
[EventDate "2004.??.??"]

1. d4 d5 2. c4 c6 3. Nc3 dxc4 4. a4 e5 5. e3 exd4 6. exd4 Be6 7. Nf3 Bb4 8. Ne5
Qe7 9. Be3 Nf6 10. Rc1 Nbd7 11. Be2 Nxe5 12. dxe5 Nd5 13. Bd2 Nxc3 14. bxc3 Bc5
15. O-O O-O 16. Qc2 Bd5 17. Bf4 b5 18. Rfd1 Rfd8 19. Rb1 a6 20. Bf1 Be6 21. Re1
Qd7 22. Ra1 Bf5 23. Qc1 Qe6 24. h3 Bd3 25. Bg5 Rd5 26. Bf4 h6 27. Bg3 Rdd8 28.
Kh2 a5 29. f4 b4 0-1

[Event "StM 2004"]
[Site "Hartberg"]
[Date "2004.??.??"]
[Round "8.1"]
[White "Weiss, Christian"]
[Black "Pilaj, Herwig"]
[Result "1/2-1/2"]
[WhiteElo "2408"]
[BlackElo "2425"]
[PlyCount "89"]
[EventDate "2004.??.??"]

1. g3 d5 2. d4 Nf6 3. Bg2 c6 4. Nf3 Bf5 5. O-O e6 6. c4 Nbd7 7. Nc3 dxc4 8. a4
a5 9. Nh4 Bg4 10. h3 Bh5 11. g4 Nd5 12. e4 Nxc3 13. bxc3 Qxh4 14. gxh5 Nf6 15.
Rb1 Rb8 16. d5 Bc5 17. dxc6 O-O 18. cxb7 Nxe4 19. Qf3 f5 20. Bf4 Qf6 21. Bxb8
Rxb8 22. Rb5 Ba7 23. Rxa5 Rxb7 24. Qe2 Qxc3 25. Rxa7 Rxa7 26. Bxe4 fxe4 27.
Qxe4 Qxh3 28. Qxc4 Qf5 29. Re1 Kf7 30. Re4 g5 31. hxg6+ Qxg6+ 32. Rg4 Qb1+ 33.
Kg2 Qb7+ 34. f3 Qb2+ 35. Kh3 Qe5 36. Qc8 Ke7 37. Rg8 Qf5+ 38. Kg2 Kd6 39. Rd8+
Ke7 40. Re8+ Kd6 41. Rd8+ Ke7 42. Rg8 Kd6 43. Qb8+ Rc7 44. Rg7 Qa5 45. Qd8+
1/2-1/2

[Event "StM 2004"]
[Site "Hartberg"]
[Date "2004.??.??"]
[Round "8.4"]
[White "Arwanitakis, Michael"]
[Black "Danner, Georg"]
[Result "1/2-1/2"]
[WhiteElo "2242"]
[BlackElo "2432"]
[PlyCount "120"]
[EventDate "2004.??.??"]

1. e4 c5 2. Nc3 d6 3. Nge2 Nf6 4. g3 g6 5. Bg2 Nc6 6. d3 Bg7 7. O-O O-O 8. h3
e5 9. Rb1 Rb8 10. Bg5 h6 11. Be3 b5 12. a3 a5 13. a4 bxa4 14. Nxa4 Nd4 15. b3
Kh7 16. Ra1 Ng8 17. Nb2 Be6 18. Bd2 Nc6 19. Nc3 Nge7 20. Nc4 d5 21. exd5 Nxd5
22. Ne4 Qe7 23. Nxa5 Nxa5 24. Rxa5 Rbc8 25. c4 Nf6 26. Be3 Nxe4 27. dxe4 Rc7
28. Qc2 h5 29. h4 Bh6 30. Bxh6 Kxh6 31. Rd1 Rd8 32. Kh2 Rd4 33. Rxd4 exd4 34.
Ra6 Kg7 35. f4 Ra7 36. Rxa7 Qxa7 37. f5 Bc8 38. Qd2 Qe7 39. b4 gxf5 40. bxc5
Qxc5 41. exf5 f6 42. Bd5 Bxf5 43. Qf4 Bh7 44. g4 Qe7 45. Qxd4 Qe2+ 46. Kh3 Qd3+
47. Qxd3 Bxd3 48. g5 Kg6 49. gxf6 Bxc4 50. f7 Bf1+ 51. Kg3 Kg7 52. Kf4 Be2 53.
Ba2 Bd1 54. Kf5 Be2 55. Ke6 Kf8 56. Bd5 Bd1 57. Kf6 Be2 58. Be6 Bd1 59. Kg6 Be2
60. Kf6 Bd1 1/2-1/2

[Event "StM 2004"]
[Site "Hartberg"]
[Date "2004.??.??"]
[Round "8.5"]
[White "Neubauer, Martin"]
[Black "Fahrner, Kurt"]
[Result "1/2-1/2"]
[WhiteElo "2429"]
[BlackElo "2342"]
[PlyCount "86"]
[EventDate "2004.??.??"]

1. e4 e5 2. Nf3 Nc6 3. Bc4 Bc5 4. c3 Qe7 5. O-O d6 6. b4 Bb6 7. a4 a6 8. d3 Nf6
9. Nbd2 O-O 10. Bb3 Ba7 11. Nc4 Nd8 12. Ne3 g6 13. Kh1 Kg7 14. Ng1 Ne6 15. g3
Bd7 16. Ra2 Kh8 17. f4 exf4 18. gxf4 Bc6 19. Rg2 Ng7 20. Nf3 Rae8 21. e5 Nfh5
22. Nd5 Qd7 23. d4 dxe5 24. Nxe5 Qd6 25. Nxc6 bxc6 26. Ne3 Nf6 27. f5 Nd5 28.
Nxd5 cxd5 29. Bh6 Rg8 30. fxg6 fxg6 31. Bf4 Qd7 32. Bc2 c6 33. Bxg6 hxg6 34.
Rxg6 Rgf8 35. Rfg1 Rxf4 36. Rxg7 Qf5 37. Rxa7 Qe4+ 38. Rg2 Rh4 39. Rag7 Rxh2+
40. Kxh2 Qh4+ 41. Kg1 Re1+ 42. Qxe1 Qxe1+ 43. Kh2 Qh4+ 1/2-1/2

[Event "StM 2004"]
[Site "Hartberg"]
[Date "2004.??.??"]
[Round "8.6"]
[White "Genser, Harald"]
[Black "Lehner, Oliver"]
[Result "0-1"]
[WhiteElo "2285"]
[BlackElo "2425"]
[PlyCount "98"]
[EventDate "2004.??.??"]

1. d4 Nf6 2. c4 e6 3. Nf3 Bb4+ 4. Bd2 a5 5. g3 b6 6. Bg2 Bb7 7. O-O Bxd2 8.
Nbxd2 d6 9. Qc2 Nbd7 10. Rfd1 O-O 11. Ne1 Qc8 12. Rac1 a4 13. Qc3 Bxg2 14. Kxg2
c5 15. Nef3 Qc6 16. b4 axb3 17. axb3 Ra2 18. Ra1 Rfa8 19. Rxa2 Rxa2 20. Ra1
cxd4 21. Qxd4 e5 22. Qc3 Rxa1 23. Qxa1 h6 24. Kg1 g6 25. Qa3 Nc5 26. b4 Ne6 27.
Qe3 Kg7 28. h3 b5 29. Qb3 e4 30. Ne1 Nd4 31. Qe3 Nf5 32. Qb3 e3 33. fxe3 Nxg3
34. Nef3 Qd7 35. Kg2 Nfh5 36. cxb5 Kg8 37. Qd3 Nf5 38. Kf2 d5 39. b6 Kh7 40.
Nf1 Qb7 41. Qa3 Qxb6 42. Qa5 Qb7 43. b5 Nf6 44. Nd4 Ne4+ 45. Ke1 Nfd6 46. Qa6
Qc7 47. Nb3 Qc3+ 48. Nfd2 Nxd2 49. Nxd2 Ne4 0-1

[Event "StM 2004"]
[Site "Hartberg"]
[Date "2004.??.??"]
[Round "8.7"]
[White "Freitag, Manfred"]
[Black "Beck, Hartmuth"]
[Result "1/2-1/2"]
[WhiteElo "2397"]
[BlackElo "2279"]
[PlyCount "75"]
[EventDate "2004.??.??"]

1. d4 Nf6 2. c4 g6 3. f3 c5 4. d5 b5 5. e4 d6 6. cxb5 a6 7. Nc3 Bg7 8. Be3 O-O
9. Qd2 Re8 10. bxa6 Qa5 11. Bh6 Bh8 12. Bb5 Nfd7 13. Nge2 Bxa6 14. Bxa6 Qxa6
15. O-O Ne5 16. b3 Nbd7 17. h3 c4 18. f4 Nd3 19. Kh2 N7c5 20. Rab1 Reb8 21. Rf3
Nb4 22. f5 Be5+ 23. Bf4 Nxa2 24. Bxe5 dxe5 25. Qh6 Nxc3 26. Nxc3 Rxb3 27. Rbf1
Rf8 28. d6 Qxd6 29. f6 exf6 30. Rxf6 Qd7 31. R6f3 Rxc3 32. Rxc3 Nxe4 33. Re3
Qd4 34. Rfe1 f5 35. Ra3 Qf2 36. Rd1 c3 37. Rd7 Qg3+ 38. Kg1 1/2-1/2

[Event "StM 2004"]
[Site "Hartberg"]
[Date "2004.??.??"]
[Round "8.8"]
[White "Lendwai, Reinhard"]
[Black "Schmidlechner, Alexander"]
[Result "1-0"]
[WhiteElo "2388"]
[BlackElo "2212"]
[PlyCount "39"]
[EventDate "2004.??.??"]

1. e4 c5 2. Nf3 Nc6 3. Bb5 g6 4. O-O Bg7 5. Re1 e5 6. Bxc6 dxc6 7. d3 Bg4 8. h3
Bxf3 9. Qxf3 Qe7 10. Nd2 Bh6 11. Nb3 Bxc1 12. Raxc1 b6 13. c3 Rd8 14. d4 c4 15.
Nd2 exd4 16. cxd4 Qf6 17. Qxf6 Nxf6 18. Rxc4 b5 19. Rxc6 Rxd4 20. Nf3 1-0

[Event "StM 2004"]
[Site "Hartberg"]
[Date "2004.??.??"]
[Round "8.9"]
[White "Mahdy, Khaled"]
[Black "Benda, Herbert"]
[Result "1/2-1/2"]
[WhiteElo "2379"]
[BlackElo "2336"]
[PlyCount "24"]
[EventDate "2004.??.??"]

1. e4 e5 2. Nf3 Nc6 3. Bb5 a6 4. Ba4 Nf6 5. d3 b5 6. Bb3 d5 7. Nc3 Bb4 8. O-O
dxe4 9. Ng5 O-O 10. Ncxe4 Nxe4 11. Nxe4 Na5 12. Bg5 Be7 1/2-1/2

[Event "StM 2004"]
[Site "Hartberg"]
[Date "2004.??.??"]
[Round "8.11"]
[White "Schweda, Roland"]
[Black "Diermair, Andreas"]
[Result "1/2-1/2"]
[WhiteElo "2420"]
[BlackElo "2236"]
[PlyCount "80"]
[EventDate "2004.??.??"]

1. d4 e6 2. Nf3 c5 3. e3 Nf6 4. c3 Nc6 5. Bd3 d5 6. Nbd2 Be7 7. O-O O-O 8. dxc5
Bxc5 9. b4 Bd6 10. a3 e5 11. e4 dxe4 12. Nxe4 Nxe4 13. Bxe4 Bg4 14. h3 Bh5 15.
Qb3 Kh8 16. Re1 f5 17. Bxc6 bxc6 18. Nxe5 f4 19. c4 f3 20. g3 Qc7 21. Bb2 Rae8
22. Qc3 Rf6 23. c5 Bf8 24. Rad1 Rfe6 25. Re3 Qc8 26. Kh2 Rh6 27. Qd4 Qf5 28.
Ng4 Rhe6 29. Rxe6 Qxe6 30. Ne5 Qb3 31. Rd2 Qa2 32. g4 Bg6 33. Nxg6+ hxg6 34.
Qd7 Re2 35. Bxg7+ Bxg7 36. Qd8+ Kh7 37. Qh4+ Kg8 38. Qd8+ Kh7 39. Qh4+ Kg8 40.
Qd8+ Kh7 1/2-1/2

[Event "StM 2004"]
[Site "Hartberg"]
[Date "2004.??.??"]
[Round "8.12"]
[White "Miniboeck, Günter"]
[Black "Roth, Peter"]
[Result "1/2-1/2"]
[WhiteElo "2345"]
[BlackElo "2244"]
[PlyCount "106"]
[EventDate "2004.??.??"]

1. d4 Nf6 2. c4 g6 3. Nc3 Bg7 4. e4 d6 5. f3 O-O 6. Be3 e5 7. d5 Nh5 8. Qd2
Qh4+ 9. g3 Nxg3 10. Qf2 Nxf1 11. Qxh4 Nxe3 12. Ke2 Nxc4 13. Rc1 Na6 14. Nd1 Nb6
15. Nh3 Bd7 16. Ne3 Rae8 17. Rhg1 c6 18. dxc6 bxc6 19. Nf5 Nc8 20. Nh6+ Bxh6
21. Qxh6 Bxh3 22. Qxh3 Nc5 23. Qh6 Ne7 24. h4 f6 25. Qe3 Ne6 26. Qxa7 Nd4+ 27.
Ke3 f5 28. Rcf1 Rf7 29. Qa4 Ref8 30. Qc4 fxe4 31. fxe4 d5 32. Qa6 Rf3+ 33. Rxf3
Rxf3+ 34. Kd2 dxe4 35. Re1 Rf4 36. Kc1 Nd5 37. h5 Kg7 38. hxg6 hxg6 39. Qa7+
Kf6 40. Qb8 e3 41. Qh8+ Kf5 42. Qh3+ Kf6 43. Qh8+ Kf5 44. Qh3+ Kf6 45. a4 Nf3
46. Re2 Ng1 47. Qh8+ Kf5 48. Re1 Nf3 49. Qh3+ Kf6 50. Re2 Ng1 51. Qh8+ Kf5 52.
Re1 Nf3 53. Qh3+ Kf6 1/2-1/2

[Event "StM 2004"]
[Site "Hartberg"]
[Date "2004.??.??"]
[Round "8.13"]
[White "Wittmann, Walter"]
[Black "Kreisl, Robert"]
[Result "1-0"]
[WhiteElo "2337"]
[BlackElo "2206"]
[PlyCount "103"]
[EventDate "2004.??.??"]

1. e4 c5 2. Nf3 Nc6 3. d4 cxd4 4. Nxd4 Nf6 5. Nc3 e5 6. Ndb5 d6 7. Bg5 a6 8.
Na3 b5 9. Nd5 Be7 10. Bxf6 Bxf6 11. c4 b4 12. Nc2 a5 13. Qf3 Be7 14. Rd1 O-O
15. c5 dxc5 16. Nf6+ Bxf6 17. Rxd8 Rxd8 18. Bc4 Nd4 19. Nxd4 Rxd4 20. Bd5 Ra6
21. O-O Be6 22. Bxe6 Rxe6 23. Rd1 Red6 24. Rxd4 Rxd4 25. b3 c4 26. bxc4 Rxc4
27. g3 h6 28. Qd3 Rd4 29. Qb5 g6 30. Qxa5 Kg7 31. f3 Rd1+ 32. Kg2 Rd2+ 33. Kh3
h5 34. a3 Rd3 35. axb4 Rxf3 36. Qc5 g5 37. b5 g4+ 38. Kg2 Bg5 39. h4 Be3 40.
Qxe5+ Kg6 41. Qb2 Bb6 42. Qd2 Be3 43. Qc2 Bb6 44. e5+ Kg7 45. Qb2 Kg8 46. Qc2
Kg7 47. Qd2 Kh7 48. e6 fxe6 49. Qd7+ Kg6 50. Qxe6+ Rf6 51. Qg8+ Kf5 52. Qd5+
1-0

[Event "StM 2004"]
[Site "Hartberg"]
[Date "2004.??.??"]
[Round "8.14"]
[White "Brandner, Stefan"]
[Black "Sandhoefner, Florian"]
[Result "0-1"]
[WhiteElo "2328"]
[BlackElo "2240"]
[PlyCount "40"]
[EventDate "2004.??.??"]

1. e4 c5 2. d3 Nc6 3. g3 g6 4. Bg2 Bg7 5. f4 e6 6. Nf3 Nge7 7. O-O O-O 8. c3 d5
9. e5 f6 10. exf6 Bxf6 11. Qe2 Nf5 12. Na3 Re8 13. g4 Nd6 14. Qf2 b6 15. Be3
Ba6 16. Rad1 Rc8 17. h4 d4 18. cxd4 cxd4 19. Bxd4 Nxd4 20. Nxd4 Nf5 0-1

[Event "StM 2004"]
[Site "Hartberg"]
[Date "2004.??.??"]
[Round "8.15"]
[White "Schwab, Rene"]
[Black "Rolletschek, Heinrich"]
[Result "1/2-1/2"]
[WhiteElo "2240"]
[BlackElo "2316"]
[PlyCount "61"]
[EventDate "2004.??.??"]

1. e4 e5 2. Nf3 Nc6 3. Bb5 a6 4. Bxc6 dxc6 5. d4 exd4 6. Qxd4 Qxd4 7. Nxd4 Bd7
8. Bg5 f6 9. Be3 Bd6 10. Nd2 O-O-O 11. f3 c5 12. Ne2 Ne7 13. Kf2 Be6 14. Rhd1
Nc6 15. c3 Ne5 16. Nf1 c4 17. Nd4 Bf7 18. Rd2 g6 19. g3 Be7 20. Rb1 b5 21. f4
Nd3+ 22. Kf3 Kb7 23. g4 h5 24. gxh5 Rxh5 25. Ng3 Rh3 26. b3 Rdh8 27. bxc4 Bxc4
28. a4 c6 29. axb5 axb5 30. Bg1 Bc5 31. Rbd1 1/2-1/2